000 00517nam a2200193Ia 4500
005 20140403142631.0
008 140130s9999 xx 000 0 und d
020 _a0590023780
050 _aPZ 7
_b.K84Wo 1998
100 _aKorman, Justine
_95337
245 _cJustine Korman.
_aTonka :
_bWorking Hard with the Mighty Backhoe /
260 _bScholastic,
_c1998.
_aUSA :
300 _a30 p. :
_bcol. ill. ;
_c24 cm.
440 _v1
_931100
521 _aG4
526 _c600
942 _cBK
_2lcc
999 _c40758
_d40758